000 01114nam a2200349 i 4500
001 44660
003 ES-MaCES
005 20150705153228.0
008 140526s2014 sp l 000 | spa d
017 _aV 551-2014
_bDL
020 _a9788490538470
040 _aES-MaCES
_bspa
_cES-MaCES
100 1 _97894
_aBlasco Lahoz, José Francisco
245 1 0 _aNormas generales de Seguridad Social
_b: jurisprudencia sistematizada
_cJosé Francisco Blasco Lahoz
250 _a2ª ed
260 _aValencia
_bTirant lo Blanch
_c2014
300 _a1116 p.
_c22 cm
490 1 _aTextos legales con jurisprudencia
541 0 _cCompra
650 4 _aseguridad social
_927034
650 4 _alegislación de seguridad social
_929855
650 4 _atexto
_929624
650 4 _acomentario
_928971
650 4 _ajurisprudencia
_928624
650 4 _aderecho jurisprudencial
_929863
650 4 _aEspaña
_926964
653 1 0 _aLegislación
775 0 _tNormas generales de Seguridad Social
_w(ES-MaCES)44159
830 0 _934947
_aTextos legales con jurisprudencia
902 _aLIB Libro
942 _2CES
_cBK
_h6.1.
999 _c44660
_d44660